000 01791nam a2200205 a 4500
008 161215t2000 ag |||g |||| 001 f spa d
020 _a9789500717700
041 _aspa
092 _c808
_l12
_sCLA
100 1 _aClancy, Tom.
_94339
245 _aEstado de sitio.
_b(Op-Center VI) /
_cTom Clancy
250 _a1a ed.
_bTraducción Laura Wittner
260 _aBuenos Aires:
_bSudamericana;
_c2000.
300 _a261 p.
500 _aClancy, T. (2000). Estado de sitio. (1a ed.). Buenos Aires : Sudamericana.
505 _aTentados por la ambición, un grupo de terroristas vinculados a ex miembros de las fuerzas de paz de la ONU se involucran en actividades delictivas. Provistos de armas y municiones robadas a la propia ONU pergeñan un plan espeluznante para captar la atención del director de Op-Center, se prepara para disfrutar -tras una larga y ajetreada vida profesional- de su merecida jubilación. Pero su retiro será breve. El grupo terrorista toma por asalto la sede la ONU cuando los embajadores de diez países diferentes se hallan reunidos allí para disfrutar de una función de gala, y piden cien millones de dólares de rescate. Sin ningún duda, la situación es grave. Pero es más grave aún para Paul Hood, cuya hija violinista se aprestaba a tocar en esa misma función. El problema se transforma en un asunto personal: las fuerzas de Op-Center deberán ser tan implacables como siempre pero, a la vez, más cautelosos que nunca. Estado de sitio confirma que la saga de Op-Center- el centro de operaciones norteamericano que reúne lo mejor en materia de defensa, inteligencia y manejo de situaciones críticas- logra hacer vibrar a sus lectores un poco más con cada entrega.
655 _aNovela
_93091
700 1 _aPieczenik, Steve.
_94340
942 _2ddc
_cLIT
999 _c3291
_d3291